| 000 | 00513pam a2200205 a 4500 | ||
|---|---|---|---|
| 020 | _c | ||
| 040 | _aMedical College Lib | ||
| 041 |
_aENG _hENG |
||
| 082 |
_a616.028 _bCHA |
||
| 100 | _aChan, E. D. . | ||
| 245 |
_aBedside Critical Care Manual / _c _hTextual Documents |
||
| 260 |
_a : _bJaypee Brothers , _c1998. |
||
| 300 |
_a263 ; _c |
||
| 365 | _a125=00 | ||
| 653 | _aMedical Science | ||
| 700 | _aWinston, B. W.. | ||
| 930 | _a2493 | ||
| 999 |
_c2492 _d2492 |
||